000 00634nam a2200169 a 4500
005 20140412111314.0
008 001218s19uu xx 00 eng d
050 _aER
_bAr77 1992
100 _aBrown, Marc Tolon
245 _aArthur babysits: an Arhtur adventure /
_cMarc Tolon Brown.
260 _aCanada :
_bLittle Brown & Company,
_c1992.
300 _a1 v. (unp) ; ill.
520 _aArhtur's experience babysitting for the terrible Tibble twin is a challenging as he expected, but he finally gets control by telling them a spooky story.
650 _aAnimals -- Fiction
650 _aBabysitters -- Fiction
999 _c104158
_d104158